|
|
|
|
| LEADER |
00000nam0a2200000 4500 |
| 001 |
39775 |
| 005 |
20231031011703.0 |
| 035 |
|
|
|a (RuTPU)RU\TPU\book\40650
|
| 090 |
|
|
|a 39775
|
| 100 |
|
|
|a 20020411d1985 km y0rusy50 ca
|
| 101 |
1 |
|
|a rus
|c eng
|
| 102 |
|
|
|a RU
|
| 105 |
|
|
|a a z 001zy
|
| 200 |
1 |
|
|a Практическое руководство по сплайнам
|e пер. англ.
|f К. Де Бор
|
| 210 |
|
|
|a Москва
|c Радио и связь
|d 1985
|
| 215 |
|
|
|a 304 с.
|c ил.
|
| 320 |
|
|
|a Библиогр.: с. 288-297.
|
| 610 |
1 |
|
|a математика
|
| 610 |
1 |
|
|a вычислительная математика
|
| 610 |
1 |
|
|a сплайны
|
| 610 |
1 |
|
|a интерполяция
|
| 610 |
1 |
|
|a аппроксимация
|
| 610 |
1 |
|
|a численные решения
|
| 610 |
1 |
|
|a сплайн-функции
|
| 610 |
1 |
|
|a ортогональные многочлены
|
| 675 |
|
|
|a 519.68
|v 3
|
| 675 |
|
|
|a 519.65
|v 3
|
| 700 |
|
1 |
|a Бор
|b К. де
|g Карл
|
| 801 |
|
1 |
|a RU
|b 63413507
|c 20020411
|g PSBO
|
| 801 |
|
2 |
|a RU
|b 63413507
|c 20140211
|g PSBO
|
| 942 |
|
|
|c BK
|